<?xml version="1.0" encoding="UTF-8"?>
<collection xmlns:xsi="http://www.w3.org/2001/XMLSchema-instance" xsi:schemaLocation="http://www.loc.gov/MARC21/slim http://www.loc.gov/standards/marcxml/schema/MARC21slim.xsd" xmlns="http://www.loc.gov/MARC21/slim">
 <record>
  <leader>00000ctm a22000003a 4500</leader>
  <controlfield tag="001">UP-99796217613392564</controlfield>
  <controlfield tag="003">Buklod</controlfield>
  <controlfield tag="005">20200619145957.0</controlfield>
  <controlfield tag="006">t    gr     000 0|</controlfield>
  <controlfield tag="007">ta</controlfield>
  <controlfield tag="008">200619s2000    xx     d     r    |||| u|</controlfield>
  <datafield tag="035" ind1=" " ind2=" ">
   <subfield code="a">(iLib)UPD-00516571761</subfield>
  </datafield>
  <datafield tag="040" ind1=" " ind2=" ">
   <subfield code="a">DMC</subfield>
   <subfield code="e">rda</subfield>
  </datafield>
  <datafield tag="041" ind1=" " ind2=" ">
   <subfield code="a">eng</subfield>
  </datafield>
  <datafield tag="041" ind1=" " ind2=" ">
   <subfield code="a">fil</subfield>
  </datafield>
  <datafield tag="100" ind1="1" ind2=" ">
   <subfield code="a">Foronda, Catherine A.</subfield>
   <subfield code="d">1978-</subfield>
   <subfield code="e">author.</subfield>
  </datafield>
  <datafield tag="245" ind1="1" ind2="0">
   <subfield code="a">Knowing one's values through courtship</subfield>
   <subfield code="b">a qualitative study on young adult's social and cultural values during verbal and non-verbal courtship</subfield>
   <subfield code="c">by Catherine A. Foronda.</subfield>
  </datafield>
  <datafield tag="264" ind1=" " ind2="0">
   <subfield code="a">Quezon City</subfield>
   <subfield code="b">College of Mass Communication, University of the Philippines Diliman</subfield>
   <subfield code="c">2000.</subfield>
  </datafield>
  <datafield tag="300" ind1=" " ind2=" ">
   <subfield code="a">92 leaves</subfield>
   <subfield code="b">color illustrations</subfield>
   <subfield code="c">28 cm</subfield>
  </datafield>
  <datafield tag="336" ind1=" " ind2=" ">
   <subfield code="a">text</subfield>
   <subfield code="2">rdacontent</subfield>
  </datafield>
  <datafield tag="337" ind1=" " ind2=" ">
   <subfield code="a">unmediated</subfield>
   <subfield code="2">rdamedia</subfield>
  </datafield>
  <datafield tag="338" ind1=" " ind2=" ">
   <subfield code="a">volume</subfield>
   <subfield code="2">rdacarrier</subfield>
  </datafield>
  <datafield tag="500" ind1=" " ind2=" ">
   <subfield code="a">Vita.</subfield>
  </datafield>
  <datafield tag="502" ind1=" " ind2=" ">
   <subfield code="a">Thesis (A.B. Communication Research)--University of the Philippines Diliman</subfield>
   <subfield code="d">October 2000.</subfield>
  </datafield>
  <datafield tag="506" ind1=" " ind2=" ">
   <subfield code="a">Available to the general public.</subfield>
  </datafield>
  <datafield tag="520" ind1=" " ind2=" ">
   <subfield code="a">Interpersonal communication unpredictably varied from situation to situation. The surrounding context on which the verbal or nonverbal interaction took place deemed the language that was eventually employed. External factors like power relations and alternate perceptions might have influenced the subsequent interpretation of messages. The focus of the research is to analyze the verbal and nonverbal exchange between individuals in the courtship context. How meanings were labeled on touch (haptics), how the level of distance (proxemics) was understood by both parties, and how swapped messages through smiles and stares (kinesics) were taken to signify specific traits were attempted to be explained. The pattern that the male initiated personal topics and verbal techniques were also discussed. Social and cultural values were then identified through the working rules observed and the existing norm maintained by both parties during a face-to-face interaction. The preserved and emerging values were later on enumerated. In some instances, a comparison between traditional and contemporary courtship was inevitable.</subfield>
  </datafield>
  <datafield tag="650" ind1=" " ind2="0">
   <subfield code="a">Courtship</subfield>
   <subfield code="z">Philippines</subfield>
   <subfield code="x">Manners and customs.</subfield>
  </datafield>
  <datafield tag="650" ind1=" " ind2="0">
   <subfield code="a">Courtship</subfield>
   <subfield code="z">Philippines</subfield>
   <subfield code="x">Interpersonal communication and culture.</subfield>
  </datafield>
  <datafield tag="905" ind1=" " ind2=" ">
   <subfield code="a">FI</subfield>
  </datafield>
  <datafield tag="905" ind1=" " ind2=" ">
   <subfield code="a">UP</subfield>
  </datafield>
  <datafield tag="852" ind1="0" ind2=" ">
   <subfield code="a">UPD</subfield>
   <subfield code="b">DMC</subfield>
  </datafield>
  <datafield tag="942" ind1=" " ind2=" ">
   <subfield code="a">Thesis</subfield>
  </datafield>
 </record>
</collection>
